| 000 | 01570nam a2200313Ia 4500 | ||
|---|---|---|---|
| 999 |
_c54637 _d54637 |
||
| 001 | 21704 | ||
| 003 | GE_BSU | ||
| 005 | 20200803140803.0 | ||
| 008 | 181216s2017||||ge |||||||||||||| ||geo|| | ||
| 020 | _a9789941276101 | ||
| 040 | _cGE_BSU | ||
| 041 | _ageo | ||
| 080 | _a321.7+341.231.4+342.4+342.71+314.325+342.5 დ-33 | ||
| 100 |
_aბუროუსი, გრიერ _93324 |
||
| 245 |
_aდემოკრატია და მოქალაქეობა : _bსაკითხავი მასალა სტუდენტებისათვის / _cგრიერ ბუროუსი, აბაშიძე, ზვიად., ქ. მუხიგული, ს.დუნდუა, თ. ქარაია, თ. რედ. მ. მაცაბერიძე. |
||
| 250 | _a(მე-2 გამოცემა). | ||
| 264 |
_aთბილისი, _c2017. |
||
| 300 |
_a284 გვ. _b25 სმ. |
||
| 504 | _aბიბლ. გვ.279-284 | ||
| 541 | _h25 ლ. | ||
| 653 | _aდემოკრატია და მოქალაქეობა | ||
| 653 | _aპოლიტიკა, სამართალი. | ||
| 700 |
_aაბაშიძე, ზვიად., , , _eავტორი _99104 |
||
| 700 |
_aმუხიგული, ქ. _eავტორი _99105 |
||
| 700 |
_aდუნდუა, ს. _eავტორი _99106 |
||
| 700 |
_aქარაია, თ. _eავტორი _99107 |
||
| 700 |
_aმაცაბერიძე, მალხაზ _eრედაქტორი _91009 |
||
| 942 |
_cBK _2udc |
||